Top 20 Serien - Statistiken

Allgemein
  • Dieses Quiz wurde 239 mal gespielt
  • Das Durchschnittsergebnis liegt bei 3 aus 20
Answers on the Grid
Answers color-coded by a green-red scale on the quiz's grid according to % correct below.
Breaking Bad
Band of Brothers
Chernobyl
The Wire
Avatar
Die Sopranos
Game of Thrones
Bluey
Fullmetal Alchemist
Attack on Titan
The Last Dance
Rick and Morty
Vietnam
Sherlock
Batman
Better Call Saul
Arcane
The Office
Dexter: Wiedererwachen
Clarksons Farm
Death Note
Gravity Falls
True Detective
Fargo
Friends
It‘s Always Sunny in Philadelphia
Das Boot
Bojack Horseman
South Park
Ted Lasso
Black Mirror
Downton Abbey
Mad Men
Die Simpsons
Dr.House
Stranger Things
The Boys
The Crown
Modern Family
How I Met Your Mother
 
Antwortstatistiken
Antwort % Korrekt
Breaking Bad
47%
Game of Thrones
43%
Die Sopranos
31%
Better Call Saul
22%
Chernobyl
17%
Attack on Titan
16%
The Office
16%
The Wire
13%
Sherlock
12%
Band of Brothers
11%
Rick and Morty
7%
Avatar
6%
Dexter: Wiedererwachen
6%
Arcane
5%
Bluey
4%
Fullmetal Alchemist
4%
The Last Dance
3%
Vietnam
2%
Batman
1%
Clarksons Farm
1%
Keine übereinstimmenden Quizze gefunden
Verteilung der Resultate
Anzahl Personen mit jedem Resultat
Perzentil nach korrekt beantworteten Fragen
Ihre Resultats-Entwicklung
Sie haben dieses Quiz noch nicht gespielt